Pokemon from their Pokedex entries - Statistics

General Stats
  • This quiz has been taken 42 times
  • The average score is 13 of 19
Answer Stats
Entry Answer % Correct
It collects and delivers honey to its colony. At night, they cluster to form a beehive and sleep. Combee
88%
Wanting more garbage, they follow people who litter. They always belch poison gas. Trubbish
88%
One of the mysterious life-forms known as Ultra Beasts. Astonishing electric shocks emanate from its entire body, according to witnesses. Xurkitree
85%
This Pokémon is very popular as a herding dog in the Galar region. As it runs, it generates electricity from the base of its tail. Yamper
85%
It hides in the darkness of caves. Its diet of gems has transformed its eyes into gemstones. Sableye
82%
These Pokémon are called the "Signpost for Wandering Spirits." Children holding them sometimes vanish. Drifloon
79%
The two heads do not get along. Whichever head eats more than the other gets to be the leader. Zweilous
76%
Skimming the water's surface, it dips its large bill in the sea, scoops up food and water, and carries it. Pelipper
74%
It clings to Mantine to feed on the big Pokémon's scraps. This is an adaptation to avoid foes. Remoraid
74%
It has the trait of cheering on its fellow Pokémon. By shorting out the electricity it releases from its paws, it creates pom-poms for cheering. Plusle
68%
If it remains still, it becomes impossible to distinguish from real nuts. It delights in surprising foraging Pidgey. Seedot
68%
It is said that when it roars, a volcano erupts somewhere around the globe. Entei
65%
It whittles its constantly growing fangs by gnawing on hard things. It can chew apart cinder walls. Raticate
65%
They use psychic power to control their arms, which are made of a special liquid. They can crush boulders psychically. Reuniclus
65%
This Pokémon is said to have endowed the human heart with emotions, such as sorrow and joy. Mesprit
56%
It does its best to be taken seriously by its enemies, but its glare is not sufficiently intimidating. Chewing on a leaf is its trademark. Pancham
56%
It wraps silk around the branches of a tree. It drinks rainwater on its silk while awaiting evolution. Silcoon
56%
Cunning and cautious, this Pokémon survives by stealing food from others. It erases its tracks with swipes of its tail as it makes off with its plunder. Nickit
50%
There are researchers who believe this Pokémon reflected like a mirror in the distant past. Bronzor
41%
No matching quizzes found
Score Distribution
Percent of People with Each Score
Percentile by Number Answered
Your Score History
You have not taken this quiz